Le droit au travail áa l'Assemblée Nationale (Record no. 53017)

MARC details
000 -LEADER
campo de control de longitud fija 00540nam a2200169 i 4500
001 - NÚMERO DE CONTROL
campo de control 53017
003 - IDENTIFICADOR DE NÚMERO DE CONTROL
campo de control ES-MaACL
005 - FECHA Y HORA DE LA ÚLTIMA TRANSACCIÓN
campo de control 20250826072023.0
007 - CAMPO FIJO DE DESCRIPCIÓN FÍSICA--INFORMACIÓN GENERAL
campo de control de longitud fija t|
008 - DATOS DE LONGITUD FIJA--INFORMACIÓN GENERAL
campo de control de longitud fija 031003s1848 fr |||| | fre d
245 03 - MENCIÓN DEL TÍTULO
Título Le droit au travail áa l'Assemblée Nationale
Resto del título : recueil complet de tous les discours prononcés dans cette mémorable discussion...
260 ## - PUBLICACIÓN, DISTRIBUCIÓN, ETC.
Lugar de publicación, distribución, etc. Paris :
Nombre del editor, distribuidor, etc. [s.n.],
Fecha de publicación, distribución, etc. 1848.
300 ## - DESCRIPCIÓN FÍSICA
Extensión XXIV, 455 p. ;
Dimensiones 22 cm.
650 04 - PUNTO DE ACCESO ADICIONAL DE MATERIA--TÉRMINO DE MATERIA
Término de materia o nombre geográfico como elemento de entrada Trabajo-
Subdivisión geográfica Francia
9 (RLIN) 17596
852 ## - LOCALIZACIÓN
Ubicación ES-MaACL
Número de control de estantería G-13607
Holdings
Estatus retirado Estado de pérdida Estado de daño No para préstamo Colección Biblioteca de origen Biblioteca actual Ubicación en estantería Fecha de adquisición Fuente de adquisición Total de préstamos Signatura topográfica completa Código de barras Visto por última vez Precio de reemplazo Tipo de ítem Koha
        Libros del s. XIX Biblioteca del Ateneo de Madrid Biblioteca del Ateneo de Madrid Sala Pecera Planta 3 17/01/2008     G-13607 1055711 23/02/2023 23/02/2023 Libro impreso antiguo